000 00837nam a2200229Ii 4500
003 JO-AjNU
008 230605s9999||||xx |||||||||||||| ||und||
017 _a2004/12/2898
020 _a9957-18-051-7
040 _aJO-AjNU
_bara
_erda
_cJO-AjNU
041 _aara
050 1 4 _aK4466.B2338.2005
100 3 _a البدراني ، قبس حسن عواد ,
_eauthor
_921432
245 0 0 _aالمركز القانوني للمكلف الضريبي " دراسة تحليلية مقارنة "
250 _aط1
264 3 1 _aعمان : دار المناهج ، 2004
300 _a290ص
336 _atext
_btxt
_2rdacontent
337 _aunmediated
_bn
_2rdamedia
338 _avolume
_bnc
_2rdacarrier
650 4 _aقانون الضرائب - فرض الضرائب - السياسة الجبائية المالية العامة
_921433
999 _aA7443
_c11011
_d11011